Stati che terminano con la I - Statistics

Statistiche generali
  • Questo quiz è stato fatto 146 volte
  • Il punteggio medio è 7 su 10
Statistiche sulle risposte
Superficie (km²) Popolazione (ab.) Stato % Corretto
27 750 11 743 017 Haiti
89%
811 119 940 Kiribati
87%
27 834 12 309 600 Burundi
86%
5 765 459 500 Brunei
84%
18 272 889 327 Figi
79%
23 200 976 107 Gibuti
68%
1 240 192 20 250 833 Mali
65%
118 484 18 449 828 Malawi
57%
17 364 1 160 164 eSwatini
44%
83 600 9 366 829 Emirati Arabi Uniti
35%
Nessun quiz corrispondente trovato
Distribuzione punteggi
Percentuale di utenti per punteggio
Percentile per numero di risposta
I tuoi punteggi nel tempo
Non hai fatto questo quiz